Contemporary statistics : (Record no. 13555)

000 -LEADER
fixed length control field 00705cam a2200229 a 4500
020 ## - INTERNATIONAL STANDARD BOOK NUMBER
ISBN 0070239010
020 ## - INTERNATIONAL STANDARD BOOK NUMBER
ISBN 0078343704 (cover)
020 ## - INTERNATIONAL STANDARD BOOK NUMBER
ISBN 0078343690 (IBM, 5 1 / 4 ")
020 ## - INTERNATIONAL STANDARD BOOK NUMBER
ISBN 0078343712 (Mac)
040 ## - CATALOGING SOURCE
Transcribing agency DLC
082 00 - DEWEY DECIMAL CLASSIFICATION NUMBER
Classification number 519 HIL 1994 A034 Or.
100 1# - MAIN ENTRY--AUTHOR NAME
Personal name Gordon, Sheldon P.
245 10 - TITLE STATEMENT
Title Contemporary statistics :
Remainder of title a computer approach /
260 ## - PUBLICATION, DISTRIBUTION, ETC. (IMPRINT)
Place of publication New York :
Name of publisher McGraw-Hill,
Year of publication c1994.
300 ## - PHYSICAL DESCRIPTION
Number of Pages xv, 695 P. :
Other physical details ill. (some col.) ;
Dimensions 25 cm. +
Accompanying material 1 computer disk (3 1/2 in.)
500 ## - GENERAL NOTE
General note IBM PC compatibles; DOS; hard drive or floppy disk drive.
500 ## - GENERAL NOTE
General note Includes index.
650 #0 - SUBJECT ADDED ENTRY--TOPICAL TERM
Topical Term Statistics.
650 #0 - SUBJECT ADDED ENTRY--TOPICAL TERM
Topical Term Statistics
700 1# - ADDED ENTRY--PERSONAL NAME
Personal name Gordon, Florence S.
942 ## - ADDED ENTRY ELEMENTS (KOHA)
Koha item type សៀវភៅភាសាអង់គ្លេស
952 ## - LOCATION AND ITEM INFORMATION (KOHA)
Withdrawn status [LOCAL, KOHA] 0
Holdings
Permanent Location Date acquired Koha item type Lost status Shelving location Barcode Current Location Full call number
Library Block A2017-08-28សៀវភៅភាសាអង់គ្លេស A034A22420Library Block A519 HIL 1994 A034 Or.
មជ្ឈមណ្ឌលឯការនៃសាកលវិទ្យាល័យភូមិន្ទកសិកម្មចំការដូង

Powered by Koha